Estaciones del Metro de la Ciudad de México en un Mapa - Estadísticas

Estadísticas generales
  • Esta prueba ha sido intentada 1.818 veces
  • La puntuación promedio es 100 de 195
Respuestas en el mapa
Las respuestas están codificadas por una escala verde-roja en el mapa de la prueba según el % correcto abajo.
 
Estadísticas de respuestas
Linea Estación % Correcto
LINEA 2 Zócalo/Tenochtitlan
79%
LINEA 3 Indios Verdes
74%
LINEA 1 | LINEA 5 | LINEA 9 | LINEA A Pantitlán
74%
LINEA 2 | LINEA 7 Tacuba
74%
LINEA 2 | LINEA 3 Hidalgo
73%
LINEA 3 Universidad
73%
LINEA 2 | LINEA 8 Bellas Artes
72%
LINEA 1 | LINEA 7 | LINEA 9 Tacubaya
70%
LINEA 1 Chapultepec
69%
LINEA 1 Observatorio
68%
LINEA 7 Polanco
68%
LINEA 3 Coyoacán
66%
LINEA 1 Insurgentes
66%
LINEA 2 | LINEA 8 | LINEA 9 Chabacano
65%
LINEA 2 Cuatro Caminos
65%
LINEA 12 | LINEA 3 Zapata
65%
LINEA 7 Barranca del Muerto
64%
LINEA 8 | LINEA B Garibaldi / Lagunilla
64%
LINEA 2 Tasqueña
63%
LINEA 1 | LINEA 3 Balderas
62%
LINEA 3 Juárez
62%
LINEA 1 | LINEA 2 Pino Suárez
62%
LINEA 2 Revolución
62%
LINEA 7 Auditorio
61%
LINEA 3 | LINEA 9 Centro Médico
61%
LINEA 3 | LINEA B Guerrero
61%
LINEA 12 | LINEA 7 Mixcoac
60%
LINEA 5 | LINEA B Oceanía
60%
LINEA B Tepito
60%
LINEA 2 Allende
59%
LINEA 6 | LINEA 7 El Rosario
59%
LINEA 3 Etiopía / Plaza de la Transparencia
59%
LINEA 12 | LINEA 2 Ermita
58%
LINEA B Buenavista
57%
LINEA 7 Camarones
57%
LINEA 4 | LINEA 9 Jamaica
57%
LINEA 3 | LINEA 5 La Raza
57%
LINEA 4 | LINEA B Morelos
57%
LINEA 3 Niños Héroes / Poder Judicial CDMX
57%
LINEA 5 Politécnico
57%
LINEA B Ciudad Azteca
56%
LINEA 1 | LINEA 8 Salto del Agua
56%
LINEA 7 San Antonio
56%
LINEA 1 Cuauhtémoc
55%
LINEA 3 | LINEA 6 Deportivo 18 de Marzo
55%
LINEA 3 Hospital General
55%
LINEA 9 Puebla
55%
LINEA 12 Tláhuac
55%
LINEA 3 Copilco
54%
LINEA B Ecatepec
54%
LINEA 3 Tlatelolco
54%
LINEA 2 Xola
54%
LINEA 9 Chilpancingo
53%
LINEA 9 Ciudad Deportiva
53%
LINEA 8 Constitución de 1917
53%
LINEA 5 Hangares
53%
LINEA 1 Isabel la Católica
53%
LINEA B Lagunilla
53%
LINEA 4 | LINEA 6 Martín Carrera
53%
LINEA 1 Merced
53%
LINEA 2 Normal
53%
LINEA 1 | LINEA B San Lázaro
53%
LINEA 9 Velódromo
53%
LINEA 3 Viveros / Derechos Humanos
53%
LINEA 2 Colegio Militar
52%
LINEA 8 Iztapalapa
52%
LINEA 2 Panteones
52%
LINEA 1 Sevilla
52%
LINEA 1 Zaragoza
52%
LINEA 5 Aragón
51%
LINEA 7 Constituyentes
51%
LINEA 3 División del Norte
51%
LINEA 2 General Anaya
51%
LINEA A La Paz
51%
LINEA 3 Miguel Ángel de Quevedo
51%
LINEA 2 Popotla
51%
LINEA 2 Portales
51%
LINEA 4 | LINEA 8 Santa Anita
51%
LINEA 1 | LINEA 4 Candelaria
50%
LINEA 1 Juanacatlán
50%
LINEA 1 Moctezuma
50%
LINEA 2 Nativitas
50%
LINEA 9 Patriotismo
50%
LINEA 3 Potrero
50%
LINEA 2 San Cosme
50%
LINEA 2 Viaducto
50%
LINEA 2 Villa de Cortés
50%
LINEA 1 Boulevard Puerto Aéreo
49%
LINEA 8 Doctores
49%
LINEA 3 Eugenia
49%
LINEA 9 Lázaro Cárdenas
49%
LINEA 5 Terminal Aérea
49%
LINEA 5 | LINEA 6 Instituto del Petróleo
48%
LINEA 7 Refinería
48%
LINEA 2 San Antonio Abad
48%
LINEA B Nezahualcóyotl
47%
LINEA 12 Insurgentes Sur
46%
LINEA 6 Lindavista
46%
LINEA A Santa Marta
46%
LINEA 2 Cuitláhuac
45%
LINEA 7 San Pedro de los Pinos
45%
LINEA 4 Talismán
45%
LINEA 5 Autobuses del Norte
44%
LINEA 4 | LINEA 5 Consulado
44%
LINEA 7 San Joaquín
44%
LINEA 1 Balbuena
43%
LINEA 6 Ferrería/Arena Ciudad de México
43%
LINEA 12 Parque de los Venados
43%
LINEA 8 UAM-I
43%
LINEA 4 Bondojito
42%
LINEA 8 Cerro de la Estrella
42%
LINEA 12 Eje Central
42%
LINEA 12 Hospital 20 de Noviembre
42%
LINEA 8 Iztacalco
42%
LINEA A Los Reyes
42%
LINEA 5 Misterios
42%
LINEA 7 Aquiles Serdán
41%
LINEA 12 | LINEA 8 Atlalilco
41%
LINEA 8 Escuadrón 201
41%
LINEA 8 La Viga
41%
LINEA 8 San Juan de Letrán
41%
LINEA 6 Vallejo
41%
LINEA A Agrícola Oriental
40%
LINEA 1 Gomez Farías
40%
LINEA A Guelatao
40%
LINEA 8 Obrera
40%
LINEA B Bosque de Aragón
39%
LINEA B Deportivo Oceanía
39%
LINEA 6 La Villa-Basílica
39%
LINEA 12 Nopalera
39%
LINEA 12 Olivos
39%
LINEA B Río de los Remedios
39%
LINEA A Acatitla
38%
LINEA 8 Coyuya
38%
LINEA 4 Fray Servando
38%
LINEA 9 Mixiuhca
38%
LINEA 6 Tezozómoc
38%
LINEA 5 Eduardo Molina
37%
LINEA 6 Norte 45
37%
LINEA 12 Periférico Oriente
37%
LINEA B Ricardo Flores Magón
37%
LINEA A Tepalcates
37%
LINEA B Villa de Aragón
37%
LINEA 4 Canal del Norte
36%
LINEA 6 UAM-Azcapotzalco
36%
LINEA 12 Mexicaltzingo
35%
LINEA B Plaza Aragón
35%
LINEA B Romero Rubio
35%
LINEA 8 Apatlaco
34%
LINEA B Impulsora
34%
LINEA 5 Valle Gómez
34%
LINEA 12 Calle 11
33%
LINEA A Canal de San Juan
33%
LINEA 12 Culhuacán
33%
LINEA B Múzquiz
33%
LINEA B Olímpica
33%
LINEA A Peñón Viejo
33%
LINEA 12 Tezonco
32%
LINEA 8 Aculco
31%
LINEA 12 Lomas Estrella
31%
LINEA 12 Zapotitlán
28%
LINEA 12 Tlaltenco
27%
LINEA 12 San Andrés Tomatlán
26%
No se encontraron pruebas coincidentes
Distribución de puntuación
Porcentaje de gente con cada puntuación
Porcentaje por número respondido
Historial de tus puntuaciones
No has intentado esta prueba.